| 000 | 01171nam a22003617a 4500 | ||
|---|---|---|---|
| 001 | 768714001 | ||
| 003 | CO-MdFUSB | ||
| 005 | 20260304165844.0 | ||
| 007 | ta | ||
| 008 | 170502t1991 a ||||| |||| 00| 0 s d | ||
| 020 | _a987-99654-0-X | ||
| 040 |
_aCO-MdFUSB _bspa _cCO-MdFUSB _dCO-MdFUSBC _erda |
||
| 041 | 0 |
_aspa _heng |
|
| 082 | 0 | 4 |
_223 _a220.071 _bM4788f |
| 100 | 1 |
_aMcIlwain, Trevor _eautor |
|
| 240 | _aFirm Foundations - Creation to Christ | ||
| 245 | 1 | 0 |
_aFundamentos firmes _b : desde la creación hasta Cristo _c/ Trevor McIIwain , Nancy Everson |
| 260 | _a | ||
| 264 | 1 |
_aBuenos Aires, Argentina : _bPublicaciones Aguila, _c[1991] |
|
| 264 | 4 | _c©1991 | |
| 300 |
_a562 páginas _c; 28 m |
||
| 336 |
_2rdacontent _atexto _btxt |
||
| 337 |
_2rdamedia _asin mediación _bn |
||
| 338 |
_2rdacarrier _avolumen _bnc |
||
| 505 | _gFundamentos firmes: Edificando conforme al plan. -- Cómo usar este Estudio Bíblico. -- 50 Lecciones | ||
| 563 | _aRústico | ||
| 650 | 7 |
_aFamilia y enseñanza _9224 |
|
| 650 | 0 |
_aBiblia _916 |
|
| 653 | _aBiblia - Enseñanza | ||
| 700 |
_aEverson, Nancy, _912206 _eautor |
||
| 942 | _cBK | ||
| 945 | _aJTF-925 | ||
| 999 |
_c31981 _d31981 |
||